Europe Capital quiz (Hard) - Statistics

General Stats
  • This quiz has been taken 12 times
  • The average score is 41 of 44
Answers on the Map
Answers color-coded by a green-red scale on the quiz's map according to % correct below.
 
Answer Stats
Answer % Correct
Amsterdam
100%
Andorra la Vella
100%
Belgrade
100%
Berlin
100%
Bucharest
100%
Budapest
100%
Copenhagen
100%
Dublin
100%
Helsinki
100%
Kiev
100%
Lisbon
100%
London
100%
Madrid
100%
Minsk
100%
Monaco
100%
Moscow
100%
Oslo
100%
Paris
100%
Prague
100%
San Marino
100%
Sofia
100%
Stockholm
100%
Tallinn
100%
Tirana
100%
Valletta
100%
Warsaw
100%
Bern
90%
Bratislava
90%
Brussels
90%
Chisinau
90%
Luxembourg
90%
Reykjavik
90%
Vienna
90%
Vilnius
90%
Zagreb
90%
Ljubljana
80%
Riga
80%
Rome
80%
Sarajevo
80%
Skopje
80%
Vaduz
80%
Vatican City
80%
Podgorica
60%
Pristina
60%
No matching quizzes found
Score Distribution
Percent of People with Each Score
Percentile by Number Answered
Your Score History
You have not taken this quiz